Les Laurent célèbres - Photos - Statistiques

Statistiques générales
  • Ce quiz a été pris 282 fois
  • Le résultat moyen est 9 sur 16
Statistiques - réponses
Par images Réponse % Correct
Baffie
87%
Ruquier
87%
Blanc
86%
Gerra
86%
Delahousse
85%
Fabius
70%
Ournac
62%
Wauquiez
52%
Romejko
51%
Mariotte
46%
Lafitte
43%
Jalabert
40%
Fontaine
37%
Luyat
35%
Boyer
32%
Gamelon
22%
Aucun quiz correspondant
Distribution des résultats
% des personnes avec chaque résultat
Percentile par nombre de réponses
Votre historique - résultats
Vous n’avez pas pris ce quiz